000 01429nam0a22003491 4500
001 v19\rc\1458574
005 20260407065801.0
035 _a(NLR Aleph) 005213387
090 _a5431974
_c5431974
100 _a20060620d1911 |||y0rusy50 ca
101 1 _arus
_cfre
102 _aRU
105 _aa z |||||
200 1 _aПриключения молодого натуралиста
_fСоч. Л. Биара
_g[Пер. Марка Вовчка]
_gС 155 рис. худ. Бенета
205 _a3-е изд.
210 _aСанкт-Петербург
_cМ. Вольф
_d1911
215 _a[4], 360 с., 1 л. фронт. (ил.), 6 л. ил.
_cил.
_d24
316 _aЭкземпляр РНБ (38.80.6.103): утрачен
_5NLR: 38.80.6.103
700 1 _aБиар
_bЛ.
_f1828-1897
_gЛюсьен
702 1 _4440
_aБенетт
_bЛ.
_f1839-1917
_gЛеон
_9139471
_3RU\NLR\AUTH\770139506
702 1 _4730
_4340
_7ca
_8rus
_aВовчок
_bМ.
_f1833-1907
_gМарко
_9126345
_3RU\NLR\AUTH\7716710
790 1 _9z01702
_aБенет
_bЛ.
_gЛеон
790 1 _7ca
_8rus
_aВовчок
_bМ.
_f1833-1907
_gМарко
_9126345
_3RU\NLR\AUTH\7716710
801 0 _aRU
_bNLR
_c20060620
_gpsbo
801 0 _aRU
_bRuMoRGB
_c20060620
_2psbo
801 1 _aRU
_bProSoft-M
_c20060620
_2rusmarc
801 2 _aRU
_bNLR
_c20081205
_2rusmarc
852 _aNLR
_j38.80.6.103
852 _aNLR
_bМф
_jК1/2241
942 _cBOOK
980 _aNB